Les mots de la langue française terminés par "voir" - Statistiques

Statistiques générales
  • Ce quiz a été pris 351 fois
  • Le résultat moyen est 11 sur 21
Statistiques - réponses
Indice Mot % Correct
tissu pour bébé bavoir
83%
obligation devoir
83%
crédit avoir
82%
connaissance savoir
82%
bouger mouvoir
78%
anticiper prévoir
71%
bassin de rinçage lavoir
69%
auge abreuvoir
62%
distinguer apercevoir
62%
vérifier revoir
61%
attendrir émouvoir
59%
citerne réservoir
51%
chagriner décevoir
47%
créer concevoir
46%
sentir percevoir
46%
représentation pouvoir
42%
accepter recevoir
39%
remédier pourvoir
28%
tomber pleuvoir
27%
soutenir promouvoir
14%
sauterelle gravoir
1%
Aucun quiz correspondant
Distribution des résultats
% des personnes avec chaque résultat
Percentile par nombre de réponses
Votre historique - résultats
Vous n’avez pas pris ce quiz